Physics vocubulary made easy / (Record no. 37744)

MARC details
000 -LEADER
fixed length control field 00613nam a22001937a 4500
005 - DATE AND TIME OF LATEST TRANSACTION
control field 20100726144257.0
010 ## - LCCN (DPL NO)
LC control number ENG-97102
020 ## - INTERNATIONAL STANDARD BOOK NUMBER
International Standard Book Number 8190237212
Terms of availability 250.00
035 ## - SYSTEM CONTROL NUMBER
System control number EN-80635
037 ## - SOURCE OF ACQUISITION
Source of stock number/acquisition DBAD/PUB
082 ## - DEWEY DECIMAL CLASSIFICATION NUMBER
Classification number 530
100 ## - MAIN ENTRY--PERSONAL NAME
Personal name Ranga, N.D
245 ## - TITLE STATEMENT
Title Physics vocubulary made easy /
Statement of responsibility, etc by N.D Ranga
260 ## - PUBLICATION, DISTRIBUTION, ETC. (IMPRINT)
Place of publication, distribution, etc Bikaner
Name of publisher, distributor, etc Hindi Pustak Sadan
Date of publication, distribution, etc 2008
270 ## - ADDRESS
Address Joshiwada,cotegate
City Bikaner
300 ## - PHYSICAL DESCRIPTION
Extent 159p.
Dimensions 23 cm(Hb)
942 ## - ADDED ENTRY ELEMENTS (KOHA)
Source of classification or shelving scheme Dewey Decimal Classification
Item type English Books
Classification part 530
Call number suffix RAN
Holdings
Withdrawn status Lost status Not for loan Collection code Home library Current library Date acquired Source of acquisition Cost, normal purchase price Full call number Barcode Copy number Cost, replacement price Koha item type
    Not For Loan Non-fiction D.B.Act.Division D.B.Act.Division 26/07/2010 DBAD/PUB 250.00 530 RAN EN-80635 1 250.00 English Books

© Delhi Public Library
Hit Counter
free hit counter